| 000 | 01154nam a2200277 i 4500 | ||
|---|---|---|---|
| 001 | 178832 | ||
| 003 | ES-MaACL | ||
| 005 | 20250814054639.0 | ||
| 008 | 110714s2010 sp acfo |||| |cspa d | ||
| 020 | _a978-84-935508-2-0 | ||
| 080 | _a061.236.6(100) | ||
| 245 | 0 | 0 |
_aGrandes maestres, tenéis la palabra _borden masónica Mixta Internacional "Le Droit Humain" - "El Derecho Humano" / _c[textos seleccionados por Ivette Ramon y Danièle Juette]. |
| 260 |
_aMadrid : _bFundación María Deraismes, _c2010. |
||
| 300 |
_a187 p. : _bil. col., fot. ; _c24 cm. |
||
| 500 | _aRecoge los discursos y biografías de los Grandes Maestres, desde 1893. | ||
| 504 | _aBibliografía: p. 187. | ||
| 610 | 2 | 7 |
_aOrden Masónica Mixta Internacional El Derecho Humano. _9138864 |
| 650 | 7 |
_aMujeres y Masonería _2embne _9138865 |
|
| 700 | 1 |
_aRamon, Yvette. _9147346 |
|
| 700 | 1 |
_aJuette, Danièle. _9147347 |
|
| 710 | 2 |
_aFundación María Deraismes. _9137819 |
|
| 852 |
_aES-MaACL _9185696 _bR.146390 _jA-11343 _cDEPO1 _dOlim: N-4347 _xDonación: Editorial |
||
| 942 |
_2udc _cMONOGRAFIA |
||
| 999 |
_c178832 _d178832 |
||